Prípravné prstové cvičenia pre klavír.

Bibliographic Details
Main Author: Schmitt, Alojz (Author)
Format: Book
Language:Undetermined
PhysicalDescription:15 s.
Published: Bratislava Slovenské hudobné vydavateľstvo 1951

MARC

LEADER 00000nam a2200000 a 4500
001 vtls001342279
003 SK-MaSNL
005 20260301235931.0
008 240315s1951 xx 0 und
035 |a SNK000295436 
040 |a SNK  |b slo  |c SNK  |e AACR2 
100 1 |a Schmitt, Alojz  |4 aut  |9 291375 
245 1 |a Prípravné prstové cvičenia pre klavír. 
260 |a Bratislava  |b Slovenské hudobné vydavateľstvo  |c 1951 
300 |a 15 s. 
999 |c 977256  |d 979186 
952 |t P60, <04>, [BOOK], {604}  |a SNK  |b SNK  |y VYP  |7 0  |p 17A0162654  |o snkHB 2808/1 D1  |0 0  |1 0  |4 0  |d 1998-09-21  |l 0  |r 2005-01-02 00:00:00  |w 2026-02-24